Recurso de hecho
Saved in:
| Main Author: | |
|---|---|
| Other Authors: | , , , |
| Format: | Unknown |
| Language: | English |
| Published: |
Santiago, Chile
Rubicón; Facultad de Derecho. Pontificia Universidad Católica de Chile
2020
|
| Edition: | 1a.edición |
| Series: | Colección de Análisis Jurisprudencial
|
| Subjects: | |
| Tags: |
Add Tag
No Tags, Be the first to tag this record!
|
MARC
| LEADER | 00000 a2200000 4500 | ||
|---|---|---|---|
| 003 | CL-VaPUC | ||
| 005 | 20250507143400.0 | ||
| 008 | 210624b2020 ||||| |||| 00| 0 eng d | ||
| 999 | |c 433243 |d 433241 | ||
| 020 | |a 9789569947391 | ||
| 040 | |c Pontificia Universidad Católica de Valparaíso | ||
| 082 | 0 | 4 | |a 347.077 REN 2020 |2 21 |
| 100 | 1 | |a Rencoret Gutiérrez, Pedro |e autor |9 862070 | |
| 245 | 1 | 0 | |a Recurso de hecho |
| 250 | |a 1a.edición | ||
| 260 | |a Santiago, Chile |b Rubicón; |b Facultad de Derecho. Pontificia Universidad Católica de Chile |c 2020 | ||
| 300 | |a 173 páginas | ||
| 490 | 0 | |a Colección de Análisis Jurisprudencial | |
| 583 | |k Cristina Rojas |c 20210624 | ||
| 650 | 1 | |a Recurso de hecho |9 553590 | |
| 650 | 1 | |a Derecho procesal penal |9 862074 | |
| 650 | 1 | |a Recursos procesales |9 862075 | |
| 650 | 1 | |a Jurisprudencia procesal |9 254972 | |
| 700 | |a Cruzat Reyes, Ricardo |e autor |9 861885 | ||
| 700 | |a Santibáñez Torres, María Elena |e directora de la colección |9 605721 | ||
| 700 | |a Marcazzolo Awad, Ximena |e coordinadora |9 861886 | ||
| 700 | |a Román Reyes, Paulo |e coordinador |9 861887 | ||
| 942 | |2 ddc |c BK | ||
| 952 | |0 0 |1 0 |2 ddc |4 0 |6 347_077000000000000_REN_2020 |7 0 |8 A |9 578322 |a BIBDER |b BIBDER |d 2021-06-24 |e 22 |g 19524.00 |i 5585368 |o 347.077 REN 2020 |p 5585368 |r 2023-01-25 |t 1 |v 19524.00 |w 2021-06-24 |y BK |k DER | ||